Регионална библиотека "Любен Каравелов" - Русе

Справочник по микроклимат и климатизация в животновъдните ферми (Запис номер 57576)

MARC детайли
000 -Лидер
Контролно поле с фиксирана дължина 02004nam a2200349 c 4500
003 - Код на организацията, давaща контролен номер
Контролно поле BLK
005 - Дата и час на последна редакция
Контролно поле 20220415165001.0
008 - Елементи от данни с фиксирана дължина
fixed length control field 180408b bul|||||r ||||||| ||bul||
010 ## - Наследен системен номер
LC control number KNG00061582000
040 ## - Източник на каталожния запис
Идентификатор на билиотеката - собственик на записа BLK
041 ## - Код за език
Код за езика на текст/звукозапис или на отделно заглавие Български
Код за езика КДБФ Български
080 ## - УДК
Текстов определител УДК Животновъдни сгради и съоръжения. Ферми. Спомагателни помещения. Оборудване. Вж и 728. 9; 69; 636. 08; 727. 6; 631. 3
УДК код - определител по УДК 631.22
УДК определител (035)
УДК - код + определител 631.22(035)
080 ## - УДК
Текстов определител УДК Общо животновъдство. Развъждане на бозайници и птици. Скотовъдство. Домашни животни и тяхното развъж
УДК код - определител по УДК 636
УДК определител :631.14(035)
УДК - код + определител 636:631.14(035)
100 1# - Редна дума - Автор
Автор Спасов, Мирчо Костадинов
Авторска отговорност първи автор
R(LIN) 287711
139 ## - Редно поле
Редна дума Спасов, Мирчо Костадинов и др.
Авторски знак Сп - С 55
245 10 - Сведения за заглавието
Заглавие Справочник по микроклимат и климатизация в животновъдните ферми
Редно поле (дума) Мирчо Костадинов Спасов; съавт. Никола Нецов; съавт. Станислав Златарев.
257 ## - Страна на издаване
Страна на създаване/издаване България
260 ## - Област на издателските данни
Име на издателя, разпространителя и проч. Земиздат
Година на издаване 1982
Печатница Хасково : Атанас Стратиев
Място на издаване, разпространение и проч. София
300 ## - Физическа характеристика
Страници 187 с.
Илюстрации и др. със сх., табл., диагр.
Размери/Мащаб 20 см
380 ## - Жанр
Жанр Селско стопанство
500 ## - Общи забележки
Забележка Пълното име на втория авт. е Никола Нецов Иванов
650 #4 - Допълнително описание по предмет – тема
Основно описание – тема или топоним Животновъдни ферми - вентилация и климатизация - справочници
9 (RLIN) 287713
653 ## - Ключова дума – ненормативна
Ключова дума животновъдство
653 ## - Ключова дума – ненормативна
Ключова дума справочници
700 1# - Други автори (авторска отговорност)
Лично име Нецов, Никола
Автороска отговорност (Описва отношението между автора и произведението) съавт.
Друга информация Иванов, Никола Нецов
9 (RLIN) 363671
700 1# - Други автори (авторска отговорност)
Лично име Златарев, Станислав
Автороска отговорност (Описва отношението между автора и произведението) съавт.
9 (RLIN) 287712
852 ## - Местоположение
Форматна сигнатура Цб 115930
Фондова буква Хранилище
856 4# - Електронен адрес и достъп
Електронен формат pdf - файл
856 4# - Електронен адрес и достъп
Електронен формат pdf - файл
999 ## - СИСТЕМНИ КОНТРОЛНИ НОМЕРА
Koha biblionumber 57576
Koha biblioitemnumber 57576
942 ## - АРТИКУЛИ
Вид на библиотечния материал Книги
Скрит в OPAC Не
Периодичен библиозапис Да
944 ## - СЪЗДАВАНЕ И РЕДАКЦИЯ на ЗАПИСА
Създаване/Редакция Създаване
Дата на регистрацията/редакция 13.06.2004
Служител, извършил регистрацията/редакцията Читалня
944 ## - СЪЗДАВАНЕ И РЕДАКЦИЯ на ЗАПИСА
Създаване/Редакция Редакция
Дата на регистрацията/редакция 24.09.2015
Служител, извършил регистрацията/редакцията Ренета_Константинова
944 ## - СЪЗДАВАНЕ И РЕДАКЦИЯ на ЗАПИСА
Създаване/Редакция Редакция
Дата на регистрацията/редакция 2022-04-15
Служител, извършил регистрацията/редакцията ВП
999 ## - СИСТЕМНИ КОНТРОЛНИ НОМЕРА
Koha biblioitemnumber 57576
Наличности
Код за отписване Код за изгубен артикул Източник на класификационната схема Код за повреда Коз за рестрикции Код за отдаване Артикулен № Име на библиотеката - собственик Име на библиотеката, в която се намира в момента Статус (Текущо местоположение) Дата на вписване в системата Местоположение - отдел Цена в лева Инвентарен номер Систематично азбучна сигнатура Баркод Номер на екземпляра Цена в евро Служебна бележка Служебен тип на артикула
Изтеглен Не е изгубен Universal Decimal Classification Не е повреден без рестрикции ползва се в читалня 93586 Регионална библиотека "Любен Каравелов" Русе Регионална библиотека "Любен Каравелов" Русе Читалня 1993-01-01 Читалня 1.45 358414 Ч 631/С 55 358414 1 0.74 Дата инв: 20.03.2017 Бележки инв: Ч2017 Книги
  Не е изгубен Universal Decimal Classification Не е повреден без рестрикции ползва се в читалня 93587 Регионална библиотека "Любен Каравелов" Русе Регионална библиотека "Любен Каравелов" Русе Хранилище 1982-01-01 Хранилище 1.45 358610 Цб 115930 120000358610 2 0.74 Дост: Dp Вид: Д N: стар фонд Дата: 01.01.1982 Книги
Vip Innovations Ltd, Rousse, Bulgaria 2025